000 00289nam a22001217a 4500
008 171002b xxu||||| |||| 00| 0 eng d
041 _aeng
080 _a37
100 _a47
101 _aEDU
245 _aSPECIAL EDUCATION IN CONTEMPORARY SOCIETY
_cGARGIULO.R.M
942 _2udc
_cBK
999 _c31158
_d31158